000 00429nam a2200157 i 4500
001 52968
003 ES-MaACL
005 20230906162658.0
007 t|
008 031001s1886 sp ||||1| spa d
100 1 _aDonacuige.
_945271
245 1 0 _aAventuras de un piloto en el Golfo de Guinea /
_cpor Donacuige.
260 _aMadrid :
_b[s.n.],
_c1886 (
_fM. Minuesa)
300 _a230 p. ;
_c20 cm.
852 _aES-MaACL
_jD-2505
999 _c52968
_d52968